01141nam a2200193Ia 4500001001100000003001000011008004100021040002500062041001300087100004300100245004900143250001100192260005600203300002700259500026200286501011400548520026200662650002300924L248-15199IT-CnALBA170116s9999||||xx |||||||||||||| ||und|| aIT-CnALBAcIT-CnALBA aITALIANO aDE FOUCAULD CHARLES, PICCOLO FRATELLO. 0aMEDITAZIONI, 1897-1900. SCRITTI SPIRITUALI.  a1a ed. a ROMAbCITTÀ NUOVA EDITRICE c1975 [1° Ed.:1975] a232 p. (prefazione: 9) aINTRODUZIONE E NOTE DI BERNARD JACQUELINE. TRADUZIONE DAL FRANCESE DEL MONASTERO RUSSO IN ROMA. ESTRATTI DAI VANGELI SULL'IMITAZIONE DI CRISTO, AMORE DEL PROSSIMO, POVERTÀ E ABIEZIONE. COMPAGNIA A N. S. G. C.: AVVENTO. RISURREZIONE. ASCENSIONE. EUCARISTIA aSocietà San Paolo EM - Piazza San Paolo, 14 - 12051 ALBA (CN) (non commercial uses only) ® Copyright 2017 aINTRODUZIONE E NOTE DI BERNARD JACQUELINE. TRADUZIONE DAL FRANCESE DEL MONASTERO RUSSO IN ROMA. ESTRATTI DAI VANGELI SULL'IMITAZIONE DI CRISTO, AMORE DEL PROSSIMO, POVERTÀ E ABIEZIONE. COMPAGNIA A N. S. G. C.: AVVENTO. RISURREZIONE. ASCENSIONE. EUCARISTIA aASCETICA E MISTICA